000 00806nam a2200241 a 4500
001 BRCA_6493
005 20190320205459.0
008 260911s1912----gw-#######---#000-0#eng-#
041 _aeng
044 _agw
050 4 _aPZ3
_b.B75 10 1912
100 1 _aGlyn, Elinor
_d1864-1943
_916229
245 1 0 _aHalcyone
_cby Elinor Glyn.
260 _aLeipzig, Alemania
_bBernhard Tauchnitz
_c1912
300 _a302 p.
_c17 cm.
440 0 _aCollection of British authors. Tauchnitz edition
_vv. 4367
_916230
500 _aEn la cubierta: Collection of British and American authors
500 _aVer tambiƩn CEF6, H144, L2, L15, L16, L17, L18, L19, L20, L22, L24, L25, L26, L27, L32, L166, N9, N11, N12, N13 y N17
500 _aL23
650 1 4 _aLiteratura inglesa
_916231
902 _aGFM
942 _2lcc
_cB
999 _c6177
_d6177